00400nam a22001457a 4500003000500000038001100005082001600016100002100032245004100053260005000094300001300144500001500157880003800172880004400210NUST awaseem a891.42bABB aAbbas, Ghazanfar aSohintasian Aahan /cGhazanfar Abbas aDiyra Ghazi Khan,bSujak Adabi Sangat,c2012. a144 p. ; aHardcover. 6100-02\raغٖٖضنفر عباس 6245-02\raسوہنٹاسُیں آں /